Alternating Hand Typing Challenge Quiz Stats

 Plays Quiz Updated May 16, 2018

Challenge
Share
Tweet
Embed
Score 0/51 Timer 01:30
9 Plays Today
Type This Typed % Correct
????
100%
????
99.5%
????
99%
????
98.6%
????
98.4%
????
98%
????
97.8%
????
97.5%
????
97.3%
????
97.1%
????
96.9%
????
96.8%
????
96.5%
????
96.4%
????
96.2%
????
96%
????
95.8%
????
95.5%
????
95%
????
94.6%
????
94.3%
????
94%
????
93.6%
????
93.1%
????
92.5%
????
91.9%
Type This Typed % Correct
????
90.8%
????
90%
????
88.7%
????
87.7%
????
86.3%
????
84.9%
????
83.3%
????
81.5%
????
79.5%
????
77.4%
????
75.1%
????
72.4%
????
70%
????
67.6%
????
64.8%
????
61.5%
????
58.5%
????
54.3%
????
50.4%
????
44.9%
????
40.1%
????
35.8%
????
32.2%
????
27.5%
????
23.3%

You're not logged in!

Compare scores with friends on all Sporcle quizzes.
Join for Free
OR
Log In

You Might Also Like...

Show Comments

Extras

Top Quizzes Today


Score Distribution

Your Account Isn't Verified!

In order to create a playlist on Sporcle, you need to verify the email address you used during registration. Go to your Sporcle Settings to finish the process.

Report this User

Report this user for behavior that violates our Community Guidelines.

Details: